000 00765nam a2200205 a 4500
008 120416s1985 ||||||||||||||||| || u
020 _a0155812203
050 _aHD 62.7 Eck
100 _aEckert, Lee A. (Lee Arthur), 1937-
245 1 0 _aSmall business: an entrepreneur's plan
260 _aSan Diego
_bHarcourt Brace Jovanovich
_c1985
300 _axvi, 319, 115p. : ill
350 _a0.00
500 _aIncludes bibliographies and index.
650 _aSMALL BUSINESS--MANAGEMENT
650 0 _aBUSINESS
700 _aRyan, J. D. (Joseph Daniel), 1933-
700 _aRay, Robert J. (Robert Joseph), 1935-
995 _D0.00
_FCBU-MAIN LIBRARY (Kitwe)
_H1
_I25.00
_M1
_UDAMAGED
_ZMain Library Open Access Collection
999 _c57566
_d57566